000
00320nam a22001217a 4500
008
260530b |||||||| |||| 00| 0 eng d
082
_a
001913
100
_a
Bayari, Venkatesh P
245
_a
Gita Bhashyam of Sri Madhvacharya
260
_a
Bangalore
_b
Poorna Prajna Samshodhan Trust
_c
2012
300
_a
358p
942
_2
ddc
999
_c
1491
_d
1491